Statistics for #1 NFL Football Draft Picks

Click here to take the quiz!

General Stats

  • This quiz has been taken 60,192 times
    (9,318 since last reset)
  • The average score is 21 of 56

Answer Stats

YearSchoolPosPlayer% Correct
2020LSUQBJoe Burrow
90%
2021ClemsonQBTrevor Lawrence
88%
2018OklahomaQBBaker Mayfield
85%
2019OklahomaQBKyler Murray
81%
2011AuburnQBCam Newton
75%
2012StanfordQBAndrew Luck
72%
2004Ole MissQBEli Manning
71%
1998TennesseeQBPeyton Manning
71%
2015Florida StateQBJameis Winston
70%
2016CalQBJared Goff
67%
2009GeorgiaQBMatthew Stafford
67%
2017Texas A&MDEMyles Garrett
67%
2022GeorgiaDETravon Walker
66%
2014South CarolinaDEJadeveon Clowney
63%
2005UtahQBAlex Smith
56%
1985Virginia TechDEBruce Smith
54%
1967Michigan StateDEBubba Smith
54%
2010OklahomaQBSam Bradford
50%
2007LSUQBJaMarcus Russell
49%
2001Virginia TechQBMichael Vick
48%
2013Central MichiganOTEric Fisher
43%
2002Fresno StateQBDavid Carr
42%
1996USCWRKeyshawn Johnson
40%
1986AuburnRBBo Jackson
38%
2003USCQBCarson Palmer
38%
1983StanfordQBJohn Elway
35%
2006NC StateDEMario Williams
33%
1989UCLAQBTroy Aikman
30%
1969USCRBO.J. Simpson
29%
2008MichiganOTJake Long
28%
2000Penn StateDECourtney Brown
27%
1970Louisiana TechQBTerry Bradshaw
25%
1999KentuckyQBTim Couch
25%
1981South CarolinaRBGeorge Rogers
23%
1974Tennessee St.DEEd "Too Tall" Jones
22%
1993Washington St.QBDrew Bledsoe
20%
1987MiamiQBVinny Testaverde
20%
1978TexasRBEarl Campbell
19%
1995Penn StateRBKi-Jana Carter
19%
1997Ohio StateOTOrlando Pace
19%
1990IllinoisQBJeff George
16%
1980OklahomaRBBilly Sims
15%
1982TexasDEKenny Sims
15%
1971StanfordQBJim Plunkett
14%
1984NebraskaWRIrving Fryar
11%
1994Ohio StateDTDan Wilkinson
10%
1976OklahomaDTLee Roy Selmon
10%
1991MiamiDTRussell Maryland
10%
1992WashingtonDTSteve Emtman
10%
1988AuburnLBAundray Bruce
9%
1968USCOTRon Yary
8%
1977USCRBRicky Bell
7%
1975CalQBSteve Bartkowski
7%
1973TampaDEJohn Matuszak
6%
1979Ohio StateLBTom Cousineau
6%
1972Notre DameDEWalt Patulski
6%

Score Distribution

Percentile by Number Answered

Percent of People with Each Score

Your Score History

You have not taken this quiz since the last reset